00887nam a2200181Ia 4500008004100000020001800041050002500059100002300084245009900107260004100206300001500247500005600262650009600318700005800414952010200472952011400574999001700688120626s9999 xx 000 0 und d a84-415-1273-6 aHF5548.4M525 W54518 aWILLETT, Edward C. aEl libro de Office XP : versión 2002 / Edward C. Willett , Steve Cummings ; tr. Carlos Anaya aMadrid ; México : Anaya Multimedia a959 p. il. aTraducción de : Office XP bible , incluye CD-ROM a1. MICROSOFT OFFICE 2. WORD 3. EXCEL 4 FRONT PAGE (PROGRAMAS PARA COMPUTADORA) 5. NEGOCIOS. aI. Cummings, Steve, coaut. II. Anaya, Carlos, tr.Ì 00104070a09b09d2007-01-23l0oHF5548.4M525 W54518p09 000312r2012-06-26t1w2012-06-26yLB 00104070a09b09d2007-01-23l1oHF5548.4M525 W54518p09 000444r2013-11-12s2013-11-12t2w2012-06-26yLB c63638d63638